00440nam a2200169Ia 4500008004100000020001800041041000800059082001600067100001300083245007400096250001100170260001500181300002500196365001700221500001000238700002200248230718s9999 xx 000 0 und d a0-471-43081-1 aeng a681.25bYAR aYariv A. aOptical Waves In CrystalsbPropagation And Control Of Laser Radiation aREVISE bJohn Wiley dRef 519 I ME (29985) cRs.b4606.00 a519 I aYariv A. & Yeh P.